Logo BPK

Biblioteka

Politechniki Koszalińskiej

Utracona cześć Katarzyny Blum albo Jak powstaje przemoc i do czego może doprowadzić / (Rekord nr 55670)

Szczegóły MARC
000 -ETYKIETA REKORDU
podpole kontrolne o stałej długości 01073nam a2200289 i 4500
001 - NUMER KONTROLNY REKORDU
pole kontrolne bg
020 ## - MIĘDZYNARODOWY ZNORMALIZOWANY NUMER KSIĄŻKI - ISBN
ISBN 8389651815
020 ## - MIĘDZYNARODOWY ZNORMALIZOWANY NUMER KSIĄŻKI - ISBN
ISBN 8497898729
040 ## - ŹRÓDŁO KATALOGOWANIA
Instytucja, która utworzyła rekord BPK
041 1# - KOD JĘZYKA
Kod języka tekstu pol
Kod języka oryginału ger
044 ## - KOD KRAJU WYDAWCY/PRODUCENTA
Kod kraju wydawcy/producenta POL
080 ## - UNIWERSALNA KLASYFIKACJA DZIESIĘTNA - UKD
UKD 821.112.2-3
920 ## - Międzynarodowy znormalizowany numer książki – ISBN
ISBN 83-89651-81-5
920 ## - Międzynarodowy znormalizowany numer książki – ISBN
ISBN 84-9789-872-9
008 - POLE O STAŁEJ DŁUGOŚCI - DANE KONTROLNE
podpole kontrolne o stałej długości s pl f |000 0 pol
100 1# - NAZWA OSOBOWA
Nazwa osobowa Böll, Heinrich
Daty związane z nazwą (1917-1985).
245 10 - TYTUŁ/ODPOWIEDZIALNOŚĆ
Tytuł Utracona cześć Katarzyny Blum albo Jak powstaje przemoc i do czego może doprowadzić /
Pozostałe elementy strefy tytułu i oznaczenia odpowiedzialności Heinrich Böll ; przekł. Teresa Jętkiewicz.
246 1# - WARIANT TYTUŁU
Treść wyrażenia wprowadzającego Tyt. oryg.:
Tytuł Verlorene Ehre der Katharina Blum oder Wie Gewalt entstehen und wohin sie führen kann
260 ## - STREFA ADRESU WYDAWNICZEGO
Miejsce wydania Kraków :
Nazwa wydawcy/dystrybutora "Mediasat Poland",
Data publikacji, dystrybucji/powstania dokumentu [2004].
300 ## - STREFA OPISU FIZYCZNEGO
Objętość 119, [1] s. ;
Rozmiary 22 cm.
490 1# - STREFA SERII I DOKUMENTU WIELOCZĘŚCIOWEGO - FORMA NIE DO WYSZUKIWANIA
Tytuł i oznaczenie odpowiedzialności serii Kolekcja Gazety Wyborczej : XX wiek ;
Numeracja w obrębie serii 33
500 ## - UWAGI OGÓLNE
Tekst uwagi Tyt. oryg.: "Die verlorene Ehre der Katharina Blum oder : Wie Gewalt entstehen und wohin sie führen kann".
650 #9 - HASŁO PRZEDMIOTOWE W FORMIE NAZWY OGÓLNEJ LUB JEDNOSTKOWEJ
Nazwa ogólna lub geograficzna Powieść niemiecka
Określnik chronologiczny 20 w.
700 1# - HASŁO DODATKOWE - NAZWA OSOBOWA
Nazwa osobowa Jętkiewicz, Teresa.
Określenie związku między hasłem a opisywanym materiałem Tł.
830 #0 - HASŁO DODATKOWE SERII LUB DOKUMENTU WIELOCZĘŚCIOWEGO - TYTUŁ UJEDNOLICONY
Tytuł ujednolicony Kolekcja Gazety Wyborczej ;
Oznaczenie tomu 33
856 ## - LOKALIZACJA I DOSTĘP DO ELEKTRONICZNYCH DOKUMENTÓW ZDALNYCH
Link (URL) http://koha.tu.koszalin.pl/cgi-bin/koha/opac-detail.pl?biblionumber=55670
Tekst linku Katalog online BPK
942 ## - DODATKOWE ELEMENTY (KOHA)
Typ dokumentu Książka
Egzemplarze
Wycofany Status egzemplarza Uszkodzony Dostępność Lokalizacja stała Lokalizacja bieżąca Miejsce przechowywania Sygnatura Kod kreskowy Typ dokumentu
      Dostępny Biblioteka Politechniki Koszalińskiej Biblioteka Politechniki Koszalińskiej Wypożyczalnia BG 89059 02442143 Książka
© 2023 Biblioteka Politechniki Koszalińskiej :: KOHA